000 00624nam a2200229 i 4500
001 C2-0292628
003 PPAK
005 20180728024626.0
008 090107s2005 nyua|||| ||||| | eng d
020 _a1932994343
040 _aPPAK
_beng
_cPPAK
_erda
082 0 4 _a032.02
_223
090 0 0 _a032.02
_bALM
_dRLCK
245 0 0 _aAlmanac 2006 :
_bwith fact monster
264 1 _aNew York :
_bTime for Kids Books ,
_c2005
300 _a359 pages :
_bcolour illustrations ;
_c23 cm
336 _2rdacontent
_atext
337 _2rdamedia
_aunmediated
338 _2rdacarrier
_avolume
650 1 0 _aAlmanac.
942 _ddc
_cB
999 _c97477
_d97477